Aventuras de Arturo Gordon Pym / (Record no. 121963)

MARC details
000 -LEADER
campo de control de longitud fija 00704nam a2200229 4500
001 - NÚMERO DE CONTROL
campo de control 121963
003 - IDENTIFICADOR DE NÚMERO DE CONTROL
campo de control ES-MaACL
005 - FECHA Y HORA DE LA ÚLTIMA TRANSACCIÓN
campo de control 20250713091414.0
007 - CAMPO FIJO DE DESCRIPCIÓN FÍSICA--INFORMACIÓN GENERAL
campo de control de longitud fija t|
008 - DATOS DE LONGITUD FIJA--INFORMACIÓN GENERAL
campo de control de longitud fija 070214s1952 sp r ||||1| spa d
100 1# - ENTRADA PRINCIPAL--NOMBRE DE PERSONA
Nombre de persona Poe, Edgar Allan,
Fechas asociadas al nombre 1809-1849
9 (RLIN) 188384
245 10 - MENCIÓN DEL TÍTULO
Título Aventuras de Arturo Gordon Pym /
Mención de responsabilidad, etc. E. Allan Poe ; traducción de Angel Villanueva.
260 ## - PUBLICACIÓN, DISTRIBUCIÓN, ETC.
Lugar de publicación, distribución, etc. Barcelona :
Nombre del editor, distribuidor, etc. Jorge Furest,
Fecha de publicación, distribución, etc. 1952.
300 ## - DESCRIPCIÓN FÍSICA
Extensión 276 p. ;
Dimensiones 19 cm.
490 1# - MENCIÓN DE SERIE
Mención de serie Aventura ;
Designación de volumen o secuencia 5
655 #0 - TERMINO DE INDIZACIÓN--GENERO/FORMA
9 (RLIN) 234459
Datos o término principal de género/forma Novelas de acción y aventuras
700 1# - ENTRADA AGREGADA--NOMBRE PERSONAL
Nombre de persona Villanueva, Angel.
9 (RLIN) 115014
830 0# - PUNTO DE ACCESO ADICIONAL DE SERIE-TÍTULO UNIFORME
Título uniforme Aventura ;
Designación de volumen o secuencia 5
9 (RLIN) 186548
852 ## - LOCALIZACIÓN
Ubicación ES-MaACL
Número de control de estantería C-6258
Sublocalización o colección R.34806
942 ## - ELEMENTOS DE ENTRADA SECUNDARIOS (KOHA)
Fuente del sistema de clasificación o colocación Clasificación decimal universal
Holdings
Estatus retirado Estado de pérdida Estado de daño No para préstamo Biblioteca de origen Biblioteca actual Ubicación en estantería Fecha de adquisición Fuente de adquisición Total de préstamos Signatura topográfica completa Código de barras Visto por última vez Precio de reemplazo Tipo de ítem Koha
        Biblioteca del Ateneo de Madrid Biblioteca del Ateneo de Madrid Sala Palomar 17/01/2008     C-6258 1127100 23/02/2023 23/02/2023 Libro impreso